| 000 | 00599nam a2200205Ia 4500 | ||
|---|---|---|---|
| 005 | 20230102091735.0 | ||
| 008 | 131103s9999 xx 000 0 und d | ||
| 040 | _aLoreto College | ||
| 041 | _aEnglish | ||
| 082 |
_a822.09 _bDOB |
||
| 100 | _aDobree, Bonamy | ||
| 245 |
_aRestoration tragedy _b 1660-1720 _cBonamy Dobree |
||
| 260 |
_aOxford _bClarendon Press _c1972 |
||
| 300 | _a189 p. | ||
| 504 | _aIncludes bibliographical references and index | ||
| 650 | _aEnglish Drama | ||
| 651 | _a1660-1720 - Drama - Criticism - 1660-1720 - Tragedy - Criticism | ||
| 850 | _aLCLIB | ||
| 942 | _cBK | ||
| 999 |
_c6680 _d57159 |
||